4. La Santa - Bad Bunny - Estadísticas

Estadísticas generales
  • Esta prueba ha sido intentada 50 veces
  • La puntuación promedio es 442 de 528
Estadísticas de respuestas
% Correcto
A
98%
a
98%
soy
98%
y
98%
Y
98%
lo
96%
Lo
96%
no
96%
No
96%
santa
96%
te
96%
Te
96%
96%
96%
tu
96%
yo
96%
Yo
96%
yo'
96%
ahora
93%
con
93%
doy
93%
el
93%
El
93%
en
93%
ere'
93%
la
93%
me
93%
santo
93%
un
93%
cambiar
91%
cómo
91%
conocimo'
91%
de
91%
es
91%
haga'
91%
ni
91%
Nos
91%
perreo
91%
que
91%
Que
91%
qué
91%
quiere
91%
quiere'
91%
sabe'
91%
Sabiendo
91%
una
91%
encanta
89%
igual
89%
89%
mi
89%
si
89%
voy
89%
más
87%
pecando
87%
buscando
85%
está'
85%
pa'
85%
viene'
85%
Bunny
83%
enamorar
80%
Baby
78%
baby
78%
Bad
78%
negativo
78%
positivo
78%
Porque
76%
Daddy
74%
dije
74%
polo
74%
somo'
74%
Cupido
70%
era
70%
Mami
70%
pero
70%
Pero
70%
va
70%
va'
70%
diga'
67%
esto
67%
Ey
67%
ey
67%
flecha
67%
sabía'
67%
siempre
67%
enamoraste
65%
esquivo
65%
jugar
65%
ama'
63%
cama
63%
había
63%
Mucho
63%
mucho
63%
podía'
63%
Yankee
63%
área
61%
calentándome
61%
labia
61%
noche
61%
noche'
61%
creo
59%
dice'
59%
eh
59%
meno'
59%
Tengo
59%
tengo
59%
archivo
57%
bellaquera
57%
calentándote
57%
corazón
57%
DY
57%
enamorarse
57%
frío
57%
placer
57%
'tás
57%
confío
54%
cualquiera
54%
entera
54%
fue
54%
necesita'
54%
nevera
54%
quita
54%
romance
54%
confianza
52%
envuelto'
52%
hombre
52%
mío
52%
nadie
52%
secreto'
52%
Seguimo'
52%
Tenemo'
52%
yeh
52%
Buena'
50%
contigo
50%
convencer
50%
dentro
50%
Eso
50%
excita'
50%
tuyo
50%
quieres
48%
sigue
48%
sorry
48%
vece'
48%
brava
46%
guarda'o
46%
haber
46%
vuelve'
46%
convivo
43%
le
43%
party
39%
money
37%
bebé
30%
sube
24%
know
15%
you
15%
c'mon
0%
No se encontraron pruebas coincidentes
Distribución de puntuación
Porcentaje de gente con cada puntuación
Porcentaje por número respondido
Historial de tus puntuaciones
No has intentado esta prueba.